000 00969nam a22002537a 4500
001 47611
003 BD-RjUL
005 20211209054342.0
008 160809r19961989bg a|||| b||| 00| 0 ben d
020 _a9840733389
_c : TK 75.00
035 _a(BD-RjUL)47730
040 _aBD-RjUL
_bben
_cBD-RjUL
041 _aben
082 _223
_a643
_bZAG 1996
100 1 _aজামান, তাহ্‌মিনা
_9144688
245 1 0 _aগৃহ ও গৃহ পরিচালনা /
_cতাহ্‌মিনা জামান
250 _a৩য় সং.
260 _aঢাকা :
_bবাংলা একাডেমী,
_c১৯৮৯ [পুনর্মুদ্রণ ১৯৯৬].
300 _aচৌদ্দ], ১৭২ পৃ. :
_bচিত্রাবলী ;
_c২১ সেমি.
504 _aসংযুক্ত গ্রন্থপুঞ্জি
650 _aবাসগৃহ
_9144689
650 _aHousing
_9144690
942 _2ddc
_cBK
999 _c47611
_d47611